000 00716nam a2200253 a 4500
001 vtls000968793
003 NLI
005 20210627095131.0
008 120112s1852 enk 000 0 eng d
039 9 _y201201121801
_zEntertech_02
040 0 _aNLI
_beng
_cEntertech-2011
_eAACR2
041 0 _aeng
044 _aenk
084 _a62.D.57
245 0 0 _aWalks and talks of an American farmer in England
260 _aLondon:
_bDavid Bogue,
_c1852
300 _a216 p.:
_bill. ;
_c19 cm.
650 0 _aAgriculture
_zEngland
_9873043
650 0 _aEngland
_xDescription and travel
_9909391
887 _a
901 _aIMP51259 :
_b04.08.2010
902 _a62.D.57
999 _aVIRTUA
_c792995
_d792995
942 _2ddc
_cBKS